Hill station of Tamilnadu / (Record no. 40253)

MARC details
000 -LEADER
fixed length control field 00693nam a22002057a 4500
005 - DATE AND TIME OF LATEST TRANSACTION
control field 20100809111224.0
010 ## - LCCN (DPL NO)
LC control number ENG-98964
020 ## - INTERNATIONAL STANDARD BOOK NUMBER
Terms of availability 55.00
International Standard Book Number 8177355627
035 ## - SYSTEM CONTROL NUMBER
System control number EN-82496
037 ## - SOURCE OF ACQUISITION
Source of stock number/acquisition DBAD/PUB
082 ## - DEWEY DECIMAL CLASSIFICATION NUMBER
Classification number 915.49604
100 ## - MAIN ENTRY--PERSONAL NAME
Personal name Palani, M.
245 ## - TITLE STATEMENT
Title Hill station of Tamilnadu /
Statement of responsibility, etc by M. Palani
260 ## - PUBLICATION, DISTRIBUTION, ETC. (IMPRINT)
Place of publication, distribution, etc Chennai
Name of publisher, distributor, etc Pavai Publications
Date of publication, distribution, etc 2008
270 ## - ADDRESS
Address 142, jani Jan Khan Road, Royapettah
City Chennai
Postal code 600014
300 ## - PHYSICAL DESCRIPTION
Extent 100 p. :
Dimensions 21 cm. (Pbk)
Other physical details ill
700 ## - ADDED ENTRY--PERSONAL NAME
9 (RLIN) 7380
942 ## - ADDED ENTRY ELEMENTS (KOHA)
Source of classification or shelving scheme Dewey Decimal Classification
Item type English Books
Classification part 915.49604
Call number suffix PAL
Holdings
Withdrawn status Lost status Not for loan Collection code Home library Current library Date acquired Cost, normal purchase price Full call number Barcode Copy number Cost, replacement price Koha item type
    Not For Loan Non-fiction D.B.Act.Division D.B.Act.Division 09/08/2010 55.00 915.49604 PAL EN-82496 1 55.00 English Books

© Delhi Public Library
Hit Counter
free hit counter